Powiaty Polski w roku 1939 (część I.) - Statystyki

Ogólne statystyki
  • Ten quiz został rozwiązany 133 razy
  • Średni wynik to 37 z 69
Odpowiedzi na mapie
Odpowiedzi zakodowano w zielono-czerwonej skali na mapie do tego quizu, zgodnie z poniższymi procentami.
 
Statystyki odpowiedzi
Odpowiedź % Poprawnych
miasto Poznań
92%
Poznań
92%
Poznań
92%
miasto Gdynia
87%
Bydgoszcz
85%
miasto Bydgoszcz
85%
miasto Toruń
85%
Toruń
85%
Gniezno
73%
Kalisz
73%
miasto Gniezno
73%
Katowice
71%
Konin
71%
miasto Katowice
71%
Grudziądz
70%
miasto Grudziądz
70%
Włocławek
70%
Leszno
67%
Tczew
66%
Inowrocław
63%
miasto Inowrocław
63%
Bielsko [Śląskie]
58%
Chojnice
58%
Cieszyn
58%
miasto Bielsko Śląskie
58%
Ostrów Wielkopolski
58%
Września
57%
Rybnik
53%
Śrem
53%
Kępno
52%
Kościerzyna
52%
Środa
52%
Turek
51%
Kartuzy
50%
Koło
50%
Rawicz
50%
Starogard
50%
Brodnica
49%
Gostyń
49%
Jarocin
49%
miasto Chorzów
49%
Wolsztyn
48%
Chełmno
47%
Świecie
46%
Tuchola
46%
Mogilno
45%
Nowy Tomyśl
45%
Żnin
45%
Kościan
44%
Krotoszyn
44%
Lipno
42%
Oborniki
42%
Pszczyna
42%
Rypin
42%
Szamotuły
42%
Chodzież
40%
Wągrowiec
40%
Międzychód
39%
Czarnków
38%
Tarnowskie Góry
37%
Wąbrzeźno
37%
Lubliniec
35%
Sępólno
35%
morski
30%
Lubawa
24%
Wyrzysk
19%
Szubin
17%
Nieszawa
9%
Frysztat
7%
Nie znaleziono quizów pasujących do podanych kryteriów
Rozkład punktacji
Procent ludzi z każdym wynikiem
Percentyl według liczby udzielonych odpowiedzi
Twoja historia wyników
Nie rozwiązałeś tego quizu